Elektrotechnický náučný slovník : 5. zväzok. Elektroenergetika
Enregistré dans:
| Format: | Livre |
|---|---|
| Langue: | slovaque |
| Publié: |
Bratislava :
Alfa,
1974
|
| Collection: | Edícia encyklopedických slovníkov
|
| Sujets: | |
| Tags: |
Pas de tags, Soyez le premier à ajouter un tag!
|
MARC
| LEADER | 00000nam a22000003a 4500 | ||
|---|---|---|---|
| 001 | stu670 | ||
| 005 | 20150408175012.3 | ||
| 008 | 910613s1974----cs------------------slo-d | ||
| 040 | |a STU |b slo | ||
| 041 | 0 | |a slo | |
| 044 | |a cs | ||
| 080 | |a 621.31(038) | ||
| 245 | |a Elektrotechnický náučný slovník : |b 5. zväzok. Elektroenergetika | ||
| 260 | |a Bratislava : |b Alfa, |c 1974 | ||
| 300 | |a 415 s | ||
| 650 | 7 | |a Elektroenergetika |2 stusub | |
| 830 | 0 | |a Edícia encyklopedických slovníkov | |
| 996 | |b 284J018402 |c J*42263 |l JJSK |s A |a 24 |w stu670_0003 | ||
| 996 | |b E56550 |c E*56550 |l EE05 |s P |a 0 |w stu670_0004 | ||
| 996 | |b E33052 |c E*33052 |l EE04 |s P |a 0 |w stu670_0005 | ||
| 996 | |b 284EK08585 |c E*34432 |l EE0101 |s P |a 0 |w stu670_0010 | ||
| 996 | |b E35557 |c E*35557 |l EE06 |s P |a 0 |w stu670_0011 | ||
| 996 | |b E35560 |c E*35560 |l EE06 |s P |a 0 |w stu670_0014 | ||
| 996 | |b E35562 |c E*35562 |l EE06 |s P |a 0 |w stu670_0016 | ||
| 996 | |b E35565 |c E*35565 |l EE06 |s P |a 0 |w stu670_0018 | ||
| 996 | |b E33141 |c E*33141 |l EE10 |s P |a 0 |w stu670_0021 | ||
| 996 | |b E36388 |c E*36388 |l EE05 |s P |a 0 |w stu670_0022 | ||
| 996 | |b E74369 |c E*74369 |l EE18 |s P |a 0 |w stu670_0026 | ||
| 996 | |b E32915 |c E*32915 |l EE05 |s P |a 0 |w stu670_0028 | ||